Suburbs of Minneapolis / St. Paul - Statistics

General Stats
  • This quiz has been taken 81 times
  • The average score is 48 of 126
Answer Stats
Hint Answer % Correct
91,537 Bloomington
98%
53,348 Edina
84%
71,288 Maple Grove
80%
62,166 Eden Prairie
78%
52,463 Minnetonka
78%
67,396 Eagan
76%
49,697 St. Louis Park
76%
73,774 Blaine
74%
55,336 Apple Valley
72%
25,937 Chanhassen
70%
77,648 Plymouth
70%
64,772 Burnsville
68%
21,722 West St. Paul
68%
79,538 Woodbury
68%
82,017 Brooklyn Park
66%
29,034 Chaska
66%
20,664 South St. Paul
66%
4,284 Wayzata
66%
47,158 Shakopee
64%
12,574 North St. Paul
62%
19,240 Stillwater
62%
31,688 Brooklyn Center
60%
63,377 Coon Rapids
60%
76,243 Lakeville
60%
35,451 Roseville
60%
42,056 Cottage Grove
58%
21,211 Golden Valley
56%
27,590 Rosemount
56%
17,996 Anoka
54%
39,958 Maplewood
54%
182 Mendota
54%
8,895 Mound
52%
36,445 Richfield
52%
23,363 White Bear Lake
52%
18,589 Hopkins
50%
11,564 Mendota Heights
50%
32,999 Savage
50%
22,121 Hastings
48%
22,376 Lino Lakes
48%
28,027 Prior Lake
48%
23,909 Farmington
46%
20,685 Forest Lake
46%
30,156 Fridley
46%
36,114 Inver Grove Heights
46%
13,617 Rogers
46%
8,119 Orono
44%
13,756 Lake Elmo
42%
10,297 Little Canada
42%
2,521 Osseo
42%
21,906 Crystal
40%
26,374 Shoreview
40%
33,089 Andover
38%
8,184 Mahtomedi
38%
20,705 New Hope
38%
28,226 Oakdale
38%
13,968 Robbinsdale
38%
12,632 Vadnais Heights
38%
9,461 Arden Hills
36%
22,856 Champlin
36%
22,278 Columbia Heights
36%
16,501 Hugo
36%
14,831 Monticello
36%
22,228 New Brighton
36%
4,984 Falcon Heights
34%
6,752 Jordan
34%
6,613 Carver
32%
10,157 Dayton
32%
16,726 Ham Lake
32%
7,039 Medina
32%
28,560 Ramsey
32%
9,970 St. Anthony
32%
5,371 St. Paul Park
32%
2,941 Afton
30%
4,919 Circle Pines
30%
7,142 Delano
30%
12,782 Mounds View
30%
16,541 Buffalo
28%
5,048 Elko New Market
28%
2,277 Excelsior
28%
782 Lilydale
28%
5,163 North Oaks
28%
7,049 Spring Lake Park
28%
21,034 St. Michael
28%
11,493 Victoria
28%
7,719 Corcoran
26%
12,189 East Bethel
26%
536 Minnetonka Beach
26%
8,791 Minnetrista
26%
7,416 Belle Plaine
24%
8,240 New Prague
24%
8,527 Albertville
22%
3,644 Independence
22%
317 Medicine Lake
22%
5,321 Newport
22%
7,526 Shorewood
22%
2,326 Lauderdale
20%
2,162 St. Bonifacius
20%
515 Sunfish Lake
20%
1,539 Tonka Bay
20%
1,660 Lakeland
18%
1,640 Spring Park
18%
8,442 St. Francis
18%
475 Bethel
16%
1,149 Dellwood
16%
509 Gem Lake
16%
951 Hilltop
16%
511 Willernie
16%
3,932 Grant
14%
1,923 Long Lake
14%
429 Vermillion
14%
382 Woodland
14%
4,266 Columbus
12%
702 Greenwood
12%
3,977 Hanover
12%
330 Lakeland Shores
12%
608 Loretto
12%
657 Marine on St. Croix
12%
9,194 Oak Grove
12%
834 Birchwood Village
10%
840 Landfall
10%
384 Pine Springs
10%
718 Hampton
8%
344 St. Marys Point
8%
1,008 Lake St. Croix Beach
6%
2,865 Greenfield
4%
81 New Trier
4%
No matching quizzes found
Score Distribution
Percent of People with Each Score
Percentile by Number Answered
Your Score History
You have not taken this quiz